000 00932nas a2200265 4500
001 BR9102624
003 BR-BrBNA
005 20231205092029.0
007 ta
008 230509b bl.|||p| |||| 00| 00por d
040 _aBR-BrBNA
_bpor
_cBiblioteca Nacional de Agricultura
041 _a(Pt)
072 _aP32
100 1 _aGomes, M.A.F.
100 1 _aPinto, O.C.B.
245 1 _aAspectos quimicos e mineralogicos dos facies de alteracao de um corpo anfibolitico da regiao de Vicosa, Minas Gerais
246 1 _aChemical and mineralogical aspects of alteration "facies" from amphibolitic rock body of Vicosa region in Minas Gerais state
650 _aROCHA
650 _aMINERAL
650 _aPROPRIEDADE FISICO-QUIMICA
650 _aMINAS GERAIS
773 0 _tRevista Ceres (Brazil)
_xISSN 0034-737X
_g(Jan-Feb 1991), v. 38(215) p. 57-67
_wBR9102624
909 _a202311
_bLúcia
_c55
_dLúcia Elande
942 _2AGRIS
_n0
_cANA
999 _c128808
_d128808